Statistics for Mario Kart 8 Deluxe: Booster Course DLC Tracks

Click here to take the quiz!

General Stats

  • This quiz has been taken 171 times
    (31 since last reset)
  • The average score is 29 of 48

Answer Stats

CupTrack% Correct
SpinyRainbow Road
89%
MoonRainbow Road
89%
Golden DashCoconut Mall
83%
Golden DashParis Promenade
83%
TurnipWaluigi Pinball
83%
Golden DashToad Circuit
78%
MoonBerlin Byways
72%
AcornDK Mountain
72%
RockMaple Treeway
72%
RockRock Rock Mountain
72%
PropellerSydney Sprint
72%
SpinyBowser Castle 3
67%
Golden DashChoco Mountain
67%
RockLondon Loop
67%
TurnipNew York Minute
67%
Lucky CatNinja Hideaway
67%
Lucky CatShroom Ridge
67%
Lucky CatTokyo Blur
67%
BoomerangBangkok Rush
61%
BoomerangMario Circuit
61%
TurnipMario Circuit 3
61%
MoonMerry Mountain
61%
MoonPeach Gardens
61%
BoomerangSingapore Speedway
61%
PropellerSnow Land
61%
BoomerangWaluigi Stadium
61%
FruitYoshi’s Island
61%
FruitAmsterdam Drift
56%
RockBoo Lake
56%
FruitDK Summit
56%
SpinyMadrid Drive
56%
PropellerMushroom Gorge
56%
AcornPiranha Plant Cove
56%
AcornRome Avanti
56%
FeatherAthens Dash
50%
FeatherDaisy Cruiser
50%
TurnipKalimari Desert
50%
CherryKoopa Cape
50%
SpinyRosalina's Ice World
50%
Lucky CatSky Garden
50%
PropellerSky-High Sundae
50%
FeatherSqueaky Clean Sprint
50%
AcornDaisy Circuit
44%
FeatherMoonview Highway
44%
FruitRiverside Park
44%
CherrySunset Wilds
44%
CherryVancouver Velocity
44%
CherryLos Angeles Laps
39%

Score Distribution

Percentile by Number Answered

Percent of People with Each Score

Your Score History

You have not taken this quiz since the last reset